Normal view
MARC view
- Dicey, Albert Venn
Entry Personal Name
001 - CONTROL NUMBER
- control field: 109784
003 - CONTROL NUMBER IDENTIFIER
- control field: NUST
005 - DATE AND TIME OF LATEST TRANSACTION
- control field: 20230306103500.0
008 - FIXED-LENGTH DATA ELEMENTS
- fixed length control field: 230306|| aca||aabn | a|a d
040 ## - CATALOGING SOURCE
- Original cataloging agency: NUST
- Transcribing agency: NUST
100 ## - HEADING--PERSONAL NAME
- Personal name: Dicey, Albert Venn
670 ## - SOURCE DATA FOUND
- Source citation: Work cat.: (NUST)178455: Dicey, Albert Venn,, Introduction to the study of the law of the constitution, [1982]
